000 00536nam a2200205Ia 4500
005 20230728133730.0
008 131103s9999 xx 000 0 und d
040 _aLoreto College
041 _aEnglish
082 _a920
_bDAR-STO
100 _aStone,Irving
245 _aClarence Darrow for the Defence
_cIrving Stone
260 _aLondon
_bA Four Squaro Book
_c1966
300 _a493 p.
504 _aIncludes bibliographical references
650 _aDarrow,Clarence
651 _aBiography
850 _aLCLIB
942 _cBK
999 _c12200
_d62679